00410nam a2200133Ia 4500008004100000082001500041100002700056245003900083260001800122600001500140942000700155952009700162999001700259241002s9999 xx 000 0 und d a297.87 TRI aTrimingham, J. Speneer 4aThe Influence of Islam Upon Africa aLondon:c1968 aLiterature cUC 00104070aUITUbUITUd1994-01-01l0o297.87 TRIpUC22r2024-10-02 09:31:06w2024-10-02yUC c18349d18349